00412nam a2200157Ia 4500008004100000100002000041245001700061245001900078260002100097260000900118300003900127440004900166650001900215650001100234650000900245191127s9999 xx 000 0 und d aBlum, Alexander 2aA Milky way/ cAlexander Blum bSussex Publisher c2019 aPages 36-37, January/February 2019 aPsychology Today: Escaping Depressionv51: 1 aDairy products aHealth amilk